[Event "Pyramiden Cup 2016"]
[Site "Fuerth"]
[Date "2016.09.02"]
[Round "3.19"]
[White "Guggenberger, Guido"]
[Black "Dorst, Johannes"]
[Result "0-1"]
[WhiteElo "1971"]
[BlackElo "2215"]
[PlyCount "80"]
[EventDate "2016.??.??"]
[WhiteTeam "TV Tegernsee"]
[BlackTeam "SK Marburg"]

1. d4 Nf6 2. c4 g6 3. Nc3 Bg7 4. e4 d6 5. Nf3 O-O 6. Be2 e5 7. d5 a5 8. Bg5 Na6
9. Nd2 Qe8 10. a3 Bd7 11. b3 Nc5 12. O-O h6 13. Be3 Nh7 14. Qc2 f5 15. f3 f4
16. Bf2 g5 17. b4 axb4 18. axb4 Na6 19. Qb3 Qg6 20. c5 g4 21. c6 g3 22. cxb7
Rab8 23. Ba7 Qh5 24. Rfb1 Qxh2+ 25. Kf1 Nc5 26. Bxc5 dxc5 27. Ba6 Kh8 28. bxc5
Bh3 29. Ke2 Bxg2 30. Kd1 Qg1+ 31. Kc2 Qxc5 32. Qb5 Qd6 33. Qe2 Bh3 34. Nc4 Qg6
35. Na5 Bd7 36. Bb5 Bxb5 37. Qxb5 Ng5 38. Rf1 g2 39. Nc6 gxf1=Q 40. Rxf1 Nxf3
0-1

[Event "Pyramiden Cup 2016"]
[Site "Fuerth"]
[Date "2016.09.02"]
[Round "3.20"]
[White "Pfadenhauer, Johannes"]
[Black "Thesing, Ansgar"]
[Result "1-0"]
[WhiteElo "2061"]
[BlackElo "1983"]
[PlyCount "59"]
[EventDate "2016.??.??"]
[WhiteTeam "TSV Bindlach"]
[BlackTeam "SC Kreuzberg"]

1. d4 Nf6 2. Nf3 d5 3. c4 c6 4. g3 Bf5 5. Bg2 Nbd7 6. O-O e6 7. Nc3 Bd6 8. Nd2
O-O 9. e4 dxe4 10. Ndxe4 Bc7 11. b3 Re8 12. Ba3 Nxe4 13. Nxe4 Nf6 14. Nc5 Rb8
15. Re1 Nd7 16. Qf3 Nf6 17. h3 Bd6 18. Rad1 b6 19. Bb2 Rc8 20. Nb7 Qc7 21. Nxd6
Qxd6 22. d5 cxd5 23. Bxf6 gxf6 24. cxd5 Bc2 25. dxe6 Bxd1 26. exf7+ Kxf7 27.
Rxd1 Qe5 28. Rd5 Qe2 29. Rd7+ Kf8 30. Qxf6+ 1-0

[Event "Pyramiden Cup 2016"]
[Site "Fuerth"]
[Date "2016.09.02"]
[Round "3.21"]
[White "Herlan, Klaus-Juergen"]
[Black "Walter, Thomas"]
[Result "0-1"]
[WhiteElo "1977"]
[BlackElo "2177"]
[PlyCount "90"]
[EventDate "2016.??.??"]
[WhiteTeam "SK Marmstorf"]
[BlackTeam "SC Erlangen"]

1. d4 Nf6 2. Nc3 d5 3. Bg5 Nbd7 4. Qd3 e6 5. e4 dxe4 6. Nxe4 Be7 7. Nxf6+ Nxf6
8. Nf3 O-O 9. Bxf6 Bxf6 10. O-O-O Qe7 11. Qe4 c5 12. Bd3 g6 13. g4 cxd4 14. h4
Bd7 15. g5 Bg7 16. Ne5 Bc6 17. Nxc6 bxc6 18. Rdg1 Rfb8 19. h5 Bf8 20. hxg6 hxg6
21. Qh4 Bg7 22. Rg3 Qb4 23. b3 Kf8 24. Bxg6 fxg6 25. Rf3+ Ke8 26. Qe4 Rb7 27.
Qxg6+ Kd8 28. Qe4 Qe7 29. g6 Qg5+ 30. Kb1 Rd7 31. Rh7 d3 32. cxd3 Qg1+ 33. Kc2
Qa1 34. a4 Rb8 35. Qh4+ Kc8 36. Qc4 Rbb7 37. Kd2 Rbc7 38. Qb4 Qb2+ 39. Ke3 Qe5+
40. Kd2 Qb2+ 41. Kd1 Rd8 42. Qc4 Kb8 43. a5 Bc3 44. Qf4 Qb1+ 45. Qc1 Rxd3+ 0-1

[Event "Pyramiden Cup 2016"]
[Site "Fuerth"]
[Date "2016.09.02"]
[Round "3.22"]
[White "Faralisz, Patrick"]
[Black "Brem, Stephan"]
[Result "1-0"]
[WhiteElo "1793"]
[BlackElo "2114"]
[PlyCount "69"]
[EventDate "2016.??.??"]
[WhiteTeam "SC NT Nürnberg"]
[BlackTeam "SU Ebersberg-Grafing"]

1. e4 b6 2. d4 Bb7 3. Bd3 Nf6 4. Nd2 c5 5. c3 e6 6. Ne2 d5 7. e5 Nfd7 8. O-O
Nc6 9. Nf3 Be7 10. Be3 Qc7 11. Rc1 c4 12. Bb1 O-O-O 13. b3 Ba6 14. Nd2 f5 15.
bxc4 dxc4 16. Nf4 Nf8 17. Qa4 Na5 18. d5 exd5 19. Bxf5+ Kb8 20. Rb1 Bb7 21. Nf3
g5 22. Ne2 Rg8 23. Ned4 Bc5 24. Nb5 Qe7 25. Bxc5 Qxc5 26. Nfd4 g4 27. Nd6 Bc6
28. Nxc6+ Qxc6 29. Qxa5 Ng6 30. Bxg6 Rxg6 31. Qb5 Rdxd6 32. exd6 Qxd6 33. Qe8+
Kb7 34. Rfe1 Rg7 35. Qe5 1-0

[Event "Pyramiden Cup 2016"]
[Site "Fuerth"]
[Date "2016.09.02"]
[Round "3.23"]
[White "Riedel, Lutz"]
[Black "Lodes, Hermann"]
[Result "0-1"]
[WhiteElo "2033"]
[BlackElo "2169"]
[PlyCount "62"]
[EventDate "2016.??.??"]
[WhiteTeam "SK Krumbach"]
[BlackTeam "vereinslos"]

1. Nf3 d5 2. d4 c6 3. g3 Bf5 4. Bg2 h6 5. O-O Nf6 6. Nbd2 Nbd7 7. c4 e6 8. b3
Be7 9. Bb2 Ne4 10. Ne5 Nxd2 11. Qxd2 Nxe5 12. dxe5 dxc4 13. Qxd8+ Rxd8 14. e4
Bg6 15. bxc4 Rd2 16. Bc3 Rd3 17. Rfc1 O-O 18. Rc2 Rfd8 19. Kf1 Bh5 20. Re1 Bc5
21. h3 Bd1 22. Rc1 Ba3 23. Ra1 Ba4 24. Re3 Rxe3 25. fxe3 Rd3 26. Be1 Bc2 27.
Bf2 Bb2 28. Re1 Rd2 29. Bf3 Bd3+ 30. Be2 Rxe2 31. Rxe2 Bxc4 0-1

[Event "Pyramiden Cup 2016"]
[Site "Fuerth"]
[Date "2016.09.02"]
[Round "3.24"]
[White "Grafe, Wilhelm"]
[Black "Straschewski, Joerg"]
[Result "1-0"]
[WhiteElo "2158"]
[BlackElo "1927"]
[PlyCount "61"]
[EventDate "2016.??.??"]
[WhiteTeam "SC NT Nürnberg"]
[BlackTeam "TSV Cadolzburg"]

1. Nf3 Nf6 2. c4 g6 3. Nc3 Bg7 4. g3 O-O 5. Bg2 d6 6. d4 Nc6 7. O-O a6 8. h3
Bd7 9. e4 e5 10. Be3 Rb8 11. Rc1 b5 12. dxe5 dxe5 13. cxb5 axb5 14. Bc5 Re8 15.
Qc2 Qc8 16. Kh2 Bh6 17. Rcd1 b4 18. Nd5 Nxd5 19. exd5 Bf5 20. Qa4 Nd4 21. Nxd4
exd4 22. Bxd4 Re2 23. Rfe1 Bc2 24. Qc6 Bg7 25. Rxe2 Bxd1 26. Rd2 Bxd4 27. Rxd4
Rb6 28. Qc5 Be2 29. Rxb4 Rd6 30. Re4 Bd3 31. Re7 1-0

[Event "Pyramiden Cup 2016"]
[Site "Fuerth"]
[Date "2016.09.02"]
[Round "3.25"]
[White "Braeuer, Franz"]
[Black "Hirn, Oskar"]
[Result "1-0"]
[WhiteElo "2406"]
[BlackElo "2238"]
[PlyCount "41"]
[EventDate "2016.??.??"]
[WhiteTeam "Erfurter SK"]
[BlackTeam "SC NT Nürnberg"]

1. Nf3 Nf6 2. c4 e6 3. g3 d5 4. Bg2 Be7 5. d4 dxc4 6. O-O O-O 7. Ne5 Nc6 8.
Nxc6 bxc6 9. Na3 Bxa3 10. bxa3 Nd5 11. Qa4 Nb6 12. Qxc6 Rb8 13. Qc5 Bb7 14. e4
Qd6 15. Bf4 Qxc5 16. dxc5 Na4 17. Rfc1 Ba6 18. c6 Rfc8 19. Be3 Nb6 20. Rab1 h6
21. Rb4 1-0

[Event "Pyramiden Cup 2016"]
[Site "Fuerth"]
[Date "2016.09.02"]
[Round "3.26"]
[White "Suess, Stefan"]
[Black "Meulner, Fabian"]
[Result "1/2-1/2"]
[WhiteElo "2049"]
[BlackElo "1870"]
[PlyCount "100"]
[EventDate "2016.??.??"]
[WhiteTeam "SC NT Nürnberg"]
[BlackTeam "SW Nürnberg Süd"]

1. Nf3 d6 2. d4 f5 3. Nc3 Nf6 4. Bg5 Nbd7 5. Qd3 g6 6. e4 fxe4 7. Nxe4 Bg7 8.
O-O-O Nxe4 9. Qxe4 Nf6 10. Qe1 Bg4 11. Be2 O-O 12. h3 Bd7 13. Bc4+ Kh8 14. Qe3
c6 15. Rhe1 b5 16. Bb3 Qc7 17. Bh6 Rae8 18. Bxg7+ Kxg7 19. Ng5 e5 20. dxe5 Rxe5
21. Qd2 Rxe1 22. Rxe1 Bc8 23. Re3 d5 24. c3 h6 25. Ne6+ Bxe6 26. Rxe6 Qd7 27.
Re2 Re8 28. Bc2 Rxe2 29. Qxe2 Qe8 30. Qxe8 Nxe8 31. Kd2 Nd6 32. Ke3 Kf6 33. Kd4
Nb7 34. Bd1 Ke6 35. b4 Kd6 36. Bf3 Nd8 37. Bg4 Nf7 38. f4 Nd8 39. Bd1 Ne6+ 40.
Ke3 g5 41. f5 Nf8 42. Kd4 Nh7 43. a4 bxa4 44. Bxa4 Nf6 45. Bc2 h5 46. Bd1 h4
47. Bf3 Nd7 48. Be2 Nf6 49. Bf3 Nd7 50. Be2 Nf6 1/2-1/2

[Event "Pyramiden Cup 2016"]
[Site "Fuerth"]
[Date "2016.09.02"]
[Round "3.27"]
[White "Kotitschke, Karlheinz"]
[Black "Willim, Michael"]
[Result "0-1"]
[WhiteElo "1928"]
[BlackElo "2085"]
[PlyCount "90"]
[EventDate "2016.??.??"]
[WhiteTeam "SK Rothenburg"]
[BlackTeam "SC Erlangen"]

1. d4 g6 2. Bg5 Bg7 3. f4 c5 4. e3 cxd4 5. exd4 Qb6 6. Nf3 Qxb2 7. Nbd2 Nc6 8.
Rb1 Qxa2 9. Bc4 Qa5 10. Rb5 Qc7 11. c3 a6 12. Rb2 h6 13. Bh4 Qxf4 14. O-O Qe3+
15. Kh1 Nf6 16. Qb3 d5 17. Bxf6 Bxf6 18. Bxd5 O-O 19. Nc4 Qd3 20. Re1 Qf5 21.
Be4 Qh5 22. Qb6 Nd8 23. Nfe5 g5 24. d5 g4 25. Bd3 Bh4 26. Re3 Bg5 27. Ree2 Bf4
28. Qg1 b5 29. Nb6 Bb7 30. Nxa8 Bxa8 31. Nd7 Bxd5 32. Nxf8 Kxf8 33. Be4 Bc4 34.
Rec2 f5 35. g3 Bd6 36. Qf2 e6 37. Rd2 Nf7 38. Bg2 Qg5 39. Rd1 Be5 40. Qd2 Qxd2
41. Rbxd2 Bxc3 42. Rd7 Ne5 43. Ra7 Nd3 44. Rxd3 Bxd3 45. Rxa6 b4 0-1

[Event "Pyramiden Cup 2016"]
[Site "Fuerth"]
[Date "2016.09.02"]
[Round "3.28"]
[White "Kroneder, Christian"]
[Black "Mix, Thomas"]
[Result "1-0"]
[WhiteElo "2070"]
[BlackElo "1927"]
[PlyCount "109"]
[EventDate "2016.??.??"]
[WhiteTeam "SK Schwanstetten"]
[BlackTeam "SF Brannenburg"]

1. e4 c5 2. Nf3 Nc6 3. d4 cxd4 4. Nxd4 g6 5. c4 Bg7 6. Be3 Nf6 7. Nc3 Ng4 8.
Qxg4 Nxd4 9. Qd1 Ne6 10. Rc1 Qa5 11. Be2 O-O 12. O-O d6 13. b4 Qd8 14. f4 f5
15. exf5 Rxf5 16. Bg4 Rf7 17. Ne4 Nc7 18. Ng5 Rf6 19. Bf3 Ne6 20. Bd5 Kh8 21.
Bxe6 Bxe6 22. Bd4 Bg8 23. Bxf6 Bxf6 24. Ne4 Bg7 25. f5 gxf5 26. Rxf5 Qb6+ 27.
Kh1 Qxb4 28. Qb3 Qxb3 29. axb3 b6 30. Ng3 Rc8 31. Re1 Be5 32. Ref1 b5 33. cxb5
Bxb3 34. Rf8+ Rxf8 35. Rxf8+ Kg7 36. Ra8 Bxg3 37. hxg3 Bc4 38. Rxa7 Bxb5 39.
Rxe7+ Kg8 40. Kg1 d5 41. Kf2 Bd3 42. g4 Kf8 43. Ra7 Bg6 44. Ke3 Ke8 45. Kf4 d4
46. Ra4 d3 47. Rd4 Ke7 48. Ke5 Kf7 49. Rd7+ Ke8 50. Ke6 Be4 51. g3 Bg6 52. Rd4
Bf7+ 53. Kf6 Bg6 54. g5 Kf8 55. Rd8+ 1-0

[Event "Pyramiden Cup 2016"]
[Site "Fuerth"]
[Date "2016.09.02"]
[Round "3.30"]
[White "Beesk, Kevin"]
[Black "Walter, Stefan"]
[Result "1/2-1/2"]
[WhiteElo "1965"]
[BlackElo "1934"]
[PlyCount "87"]
[EventDate "2016.??.??"]
[WhiteTeam "SK Neumarkt"]
[BlackTeam "SG Fürth"]

1. e4 e5 2. Nf3 Nf6 3. Nc3 Nc6 4. a3 d5 5. Bb5 d4 6. Ne2 Qd6 7. d3 a6 8. Bxc6+
bxc6 9. Ng3 Be7 10. O-O O-O 11. Nh4 Qd8 12. Nhf5 Bd6 13. Nxd6 cxd6 14. f4 exf4
15. Bxf4 Ng4 16. Nf5 Ne5 17. Nxd4 Qb6 18. Be3 Ng4 19. Qd2 Nxe3 20. Qxe3 c5 21.
Nb3 Be6 22. d4 Bxb3 23. dxc5 Qxc5 24. Qxc5 dxc5 25. cxb3 Rab8 26. Rf3 Rfd8 27.
Rc1 Rbc8 28. Rfc3 Rb8 29. Rxc5 Rxb3 30. Rc8 Rf8 31. R1c2 g6 32. R8c6 Rfb8 33.
Rxa6 Rxb2 34. Rxb2 Rxb2 35. Ra8+ Kg7 36. a4 Re2 37. a5 Rxe4 38. a6 Re2 39. h3
Ra2 40. Kh2 Kf6 41. Kg3 Kg5 42. Kf3 Kh4 43. a7 f6 44. Kf4 1/2-1/2

[Event "Pyramiden Cup 2016"]
[Site "Fuerth"]
[Date "2016.09.02"]
[Round "3.31"]
[White "Braun, Kristin"]
[Black "Bader, Dominic"]
[Result "1/2-1/2"]
[WhiteElo "1853"]
[BlackElo "2066"]
[PlyCount "94"]
[EventDate "2016.??.??"]
[WhiteTeam "SC Forchheim"]
[BlackTeam "SG Büchenbach/Roth"]

1. d4 Nf6 2. Nf3 g6 3. c4 Bg7 4. Nc3 d5 5. e3 O-O 6. Be2 c6 7. O-O Nbd7 8. b3
Re8 9. Bb2 Nf8 10. cxd5 cxd5 11. Rc1 Bd7 12. Ne5 a6 13. Qd2 b5 14. Ba3 Ne6 15.
Bf3 Ng5 16. Bxd5 Nxd5 17. Nxd5 Be6 18. Nxe7+ Kh8 19. N7c6 Qb6 20. Bc5 Qb7 21.
Na5 Qd5 22. f3 Bxe5 23. e4 Qd7 24. Qxg5 Bxd4+ 25. Bxd4+ Qxd4+ 26. Rf2 Rac8 27.
Nc6 Qd7 28. Rfc2 Kg7 29. e5 h6 30. Qe3 Bf5 31. Rc3 Re6 32. Nd4 Ree8 33. Nxf5+
Qxf5 34. Rxc8 Rxc8 35. Rxc8 Qxc8 36. Kf2 h5 37. Ke2 Qc2+ 38. Qd2 Qf5 39. Qb2
Qe6 40. Kd3 Qf5+ 41. Ke3 Qc8 42. f4 Qc5+ 43. Kd3 Qg1 44. e6+ f6 45. Qe2 Qb1+
46. Ke3 Kf8 47. Kf3 Qf5 1/2-1/2

[Event "Pyramiden Cup 2016"]
[Site "Fuerth"]
[Date "2016.09.02"]
[Round "3.32"]
[White "Schmitz, Tim"]
[Black "Guenther, Patrick"]
[Result "0-1"]
[WhiteElo "1808"]
[BlackElo "2013"]
[PlyCount "76"]
[EventDate "2016.??.??"]
[WhiteTeam "SC Sendling"]
[BlackTeam "Elmshorner SC"]

1. e4 c5 2. Nf3 d6 3. d4 cxd4 4. Nxd4 Nf6 5. Nc3 a6 6. Bg5 e6 7. f4 h6 8. Bh4
Qb6 9. Qd2 Qxb2 10. Rb1 Qa3 11. f5 Be7 12. fxe6 fxe6 13. Be2 O-O 14. Bg3 Qa5
15. O-O Nc6 16. Kh1 Ne5 17. h3 Qc7 18. Bf4 Nf7 19. Be3 Bd7 20. Rb3 Rac8 21. g4
b5 22. a3 Nh7 23. Qe1 Qd8 24. Qg3 Bh4 25. Qg2 Ne5 26. Bd3 Rxf1+ 27. Bxf1 Qe7
28. Nce2 Nc4 29. Bc1 Bg5 30. Bxg5 Qxg5 31. Qg3 Nf8 32. Bg2 Ng6 33. a4 bxa4 34.
Rb7 Nge5 35. Nf4 a3 36. Ndxe6 Qf6 37. g5 hxg5 38. Nxg5 a2 0-1

[Event "Pyramiden Cup 2016"]
[Site "Fuerth"]
[Date "2016.09.02"]
[Round "3.33"]
[White "Fischer, Daniel"]
[Black "Dippel, Joerg"]
[Result "1/2-1/2"]
[WhiteElo "2042"]
[BlackElo "1799"]
[PlyCount "59"]
[EventDate "2016.??.??"]
[WhiteTeam "SVG Offenburg"]
[BlackTeam "SC And Nbg"]

1. Nf3 d5 2. c4 c6 3. g3 Nf6 4. Bg2 e6 5. b3 Nbd7 6. O-O Be7 7. Nc3 O-O 8. d4
b6 9. Qc2 Ba6 10. Nd2 Rc8 11. e4 dxe4 12. Ndxe4 Nxe4 13. Nxe4 Nf6 14. Rd1 Nxe4
15. Bxe4 g6 16. h4 Bf6 17. Bb2 Bg7 18. Bg2 Qc7 19. Rac1 Rfd8 20. Qe2 c5 21. d5
exd5 22. Bxg7 Kxg7 23. Bxd5 Bb7 24. Qf3 Bxd5 25. Rxd5 Rxd5 26. cxd5 Qe5 27. Rd1
Rd8 28. Kg2 Rd6 29. Qd3 f5 30. Qd2 1/2-1/2

[Event "Pyramiden Cup 2016"]
[Site "Fuerth"]
[Date "2016.09.02"]
[Round "3.34"]
[White "Kornitzky, Tino"]
[Black "Suess, Helmut"]
[Result "1/2-1/2"]
[WhiteElo "2045"]
[BlackElo "1910"]
[PlyCount "62"]
[EventDate "2016.??.??"]
[WhiteTeam "SC Erlangen"]
[BlackTeam "SC NT Nürnberg"]

1. d4 Nf6 2. c4 e6 3. g3 Bb4+ 4. Bd2 a5 5. Bg2 Bxd2+ 6. Nxd2 c6 7. e4 d5 8. e5
Ng8 9. Ne2 Ne7 10. O-O Nd7 11. Qc2 b6 12. f4 Ba6 13. g4 g6 14. Ng3 h5 15. gxh5
gxh5 16. f5 h4 17. fxe6 fxe6 18. Nge4 dxe4 19. Nxe4 Nf5 20. Nd6+ Ke7 21. Nxf5+
exf5 22. Qxf5 Qg8 23. Kh1 Rf8 24. Qh3 Rxf1+ 25. Rxf1 Bxc4 26. Bxc6 Bd5+ 27.
Bxd5 Qxd5+ 28. Qg2 Qxg2+ 29. Kxg2 Ke6 30. Kh3 Rh7 31. b4 axb4 1/2-1/2

[Event "Pyramiden Cup 2016"]
[Site "Fuerth"]
[Date "2016.09.02"]
[Round "3.35"]
[White "Friedel, Roland"]
[Black "Tong, Kevin"]
[Result "0-1"]
[WhiteElo "1651"]
[BlackElo "2049"]
[PlyCount "90"]
[EventDate "2016.??.??"]
[WhiteTeam "SF Drensteinfurt"]
[BlackTeam "SC Erlangen"]

1. d4 d5 2. Nf3 Nf6 3. Bg5 e6 4. Nbd2 Be7 5. e3 O-O 6. Bd3 c5 7. c3 Nc6 8. O-O
b6 9. Qc2 h6 10. Bh4 Bb7 11. h3 Rc8 12. Qd1 Re8 13. Ne5 Nxe5 14. dxe5 Nd7 15.
Bxe7 Qxe7 16. Bb5 Red8 17. Bxd7 Rxd7 18. Qg4 Rcd8 19. Nf3 d4 20. exd4 Bxf3 21.
Qxf3 cxd4 22. cxd4 Rxd4 23. Rfd1 Qc5 24. Qe2 Rxd1+ 25. Rxd1 Rxd1+ 26. Qxd1 Qxe5
27. Qd2 Qd5 28. Qxd5 exd5 29. Kf1 Kf8 30. Ke2 Ke7 31. Kd3 Kd6 32. Kd4 g5 33. g3
Ke6 34. f3 Kd6 35. b3 Ke6 36. Kd3 Ke5 37. Ke3 h5 38. a3 h4 39. gxh4 gxh4 40.
f4+ Kf5 41. Kd4 Kxf4 42. Kxd5 f5 43. Kd4 Kg3 44. Ke3 f4+ 45. Ke2 Kg2 0-1

[Event "Pyramiden Cup 2016"]
[Site "Fuerth"]
[Date "2016.09.02"]
[Round "3.36"]
[White "Gerl, Hans"]
[Black "Petrashov, Alexander"]
[Result "1-0"]
[WhiteElo "2022"]
[BlackElo "1785"]
[PlyCount "139"]
[EventDate "2016.??.??"]
[WhiteTeam "SK Zirndorf"]
[BlackTeam "SC NT Nürnberg"]

1. d4 e6 2. c4 d5 3. Nc3 c6 4. e3 Nf6 5. Nf3 Nbd7 6. Qc2 Bd6 7. g4 Nxg4 8. Rg1
Nxh2 9. Nxh2 Bxh2 10. Rxg7 Qh4 11. Bd2 Nf8 12. Rg2 Bd7 13. O-O-O Bd6 14. Be2
Qe7 15. e4 dxc4 16. e5 Bxe5 17. dxe5 Qc5 18. Ne4 Qxe5 19. Bc3 Qf4+ 20. Kb1 e5
21. Nd6+ Ke7 22. Bxc4 Ne6 23. Qe2 f6 24. Bxe6 Bxe6 25. Rg7+ Kf8 26. Rdg1 h5 27.
Rxb7 a5 28. Ne4 Bf5 29. f3 Rg8 30. Rxg8+ Kxg8 31. Qg2+ Qg5 32. Qxg5+ fxg5 33.
Bxe5 Re8 34. Rb8 Rxb8 35. Bxb8 g4 36. Kc1 gxf3 37. Nf2 Kf7 38. Kd2 Be6 39. a3
a4 40. Ke3 Bd5 41. Bg3 Kf6 42. Kf4 Ke6 43. Nd3 h4 44. Bxh4 Kd6 45. Bf2 Bb3 46.
Kxf3 Kd5 47. Ke3 Kc4 48. Kd2 Kb5 49. Kc3 Bg8 50. Nc5 Bd5 51. Kd4 Bg2 52. Ne6
Bf3 53. Kc3 Bg4 54. Nd4+ Kc5 55. Nc2+ Kb5 56. Nd4+ Kc5 57. Nb3+ Kb5 58. Nc5 Bd1
59. Ne4 Be2 60. Nd6+ Ka5 61. Kd4 Kb6 62. Ke5+ c5 63. Ne4 Bf3 64. Nxc5 Kb5 65.
Kd4 Bh5 66. Be1 Be8 67. Ne4 Bg6 68. Nc3+ Ka5 69. Ke5 Bc2 70. Nd5+ 1-0

[Event "Pyramiden Cup 2016"]
[Site "Fuerth"]
[Date "2016.09.02"]
[Round "3.37"]
[White "Wenninger, Patrick"]
[Black "Gress, Patrick Daniel"]
[Result "1-0"]
[WhiteElo "1866"]
[BlackElo "1362"]
[PlyCount "57"]
[EventDate "2016.??.??"]
[WhiteTeam "Heilbronner SV"]
[BlackTeam "SK Herzogenaurach"]

1. d4 Nf6 2. c4 g6 3. Nf3 Bg7 4. Nc3 d5 5. Qb3 dxc4 6. Qxc4 c6 7. e4 Nbd7 8.
Be2 Nb6 9. Qb3 O-O 10. O-O Bg4 11. Be3 Be6 12. Qc2 Bc4 13. Rfd1 Bxe2 14. Qxe2
Qc7 15. Rac1 e6 16. d5 Ne8 17. Nb5 cxb5 18. Rxc7 Nxc7 19. d6 Ne8 20. Qxb5 Nf6
21. Qd3 Nfd7 22. Bd4 Rac8 23. Bxg7 Kxg7 24. h3 Kg8 25. b3 Rc6 26. a4 Nc8 27. e5
f6 28. Qb5 a6 29. Qxb7 1-0

[Event "Pyramiden Cup 2016"]
[Site "Fuerth"]
[Date "2016.09.02"]
[Round "3.38"]
[White "Balhar, Michael"]
[Black "Muckle, Julius"]
[Result "0-1"]
[WhiteElo "1769"]
[BlackElo "2196"]
[PlyCount "48"]
[EventDate "2016.??.??"]
[WhiteTeam "SC Erlangen"]
[BlackTeam "SK Ludwigshafen"]

1. e4 e6 2. d4 d5 3. exd5 exd5 4. Bd3 c5 5. c3 Nc6 6. Ne2 Nf6 7. Bf4 Be7 8. Nd2
O-O 9. Nf3 Bg4 10. Ne5 Bxe2 11. Qxe2 cxd4 12. Nxc6 bxc6 13. cxd4 Bb4+ 14. Kf1
Qb6 15. Be5 Rfe8 16. Qc2 Ne4 17. a3 Bf8 18. f3 f6 19. fxe4 fxe5 20. exd5 cxd5
21. dxe5 Bc5 22. Rc1 Rxe5 23. Be2 Rf8+ 24. Bf3 Qb5+ 0-1

[Event "Pyramiden Cup 2016"]
[Site "Fuerth"]
[Date "2016.09.02"]
[Round "3.39"]
[White "Riedl, Guenter"]
[Black "Bildt, Thomas"]
[Result "0-1"]
[WhiteElo "1879"]
[BlackElo "1997"]
[PlyCount "50"]
[EventDate "2016.??.??"]
[WhiteTeam "SK Marktoberdorf"]
[BlackTeam "SK Zirndorf"]

1. c4 Nf6 2. Nc3 d5 3. cxd5 Nxd5 4. Nf3 c5 5. e4 Nxc3 6. bxc3 Nc6 7. Bb5 Bd7 8.
O-O a6 9. Ba4 b5 10. Bc2 e5 11. d4 cxd4 12. cxd4 exd4 13. Nxd4 Bc5 14. Nb3 Bb6
15. Bb2 O-O 16. Rc1 Qe7 17. Bb1 Rac8 18. Qd3 Rfd8 19. Qg3 f6 20. e5 Nxe5 21.
Rxc8 Bxc8 22. Bxe5 Qxe5 23. Qh4 Bf5 24. Bxf5 Qxf5 25. Qb4 Qxf2+ 0-1

[Event "Pyramiden Cup 2016"]
[Site "Fuerth"]
[Date "2016.09.02"]
[Round "3.40"]
[White "Hoffmann, Sebastian"]
[Black "Koehler, Lukas"]
[Result "1-0"]
[WhiteElo "2003"]
[BlackElo "1681"]
[PlyCount "65"]
[EventDate "2016.??.??"]
[WhiteTeam "SC NT Nürnberg"]
[BlackTeam "SC Bamberg"]

1. e4 c5 2. Nf3 Nc6 3. c3 Nf6 4. e5 Nd5 5. d4 cxd4 6. Bc4 Nb6 7. Bb3 d6 8. exd6
Qxd6 9. O-O Bf5 10. cxd4 e6 11. Nc3 a6 12. Re1 O-O-O 13. Be3 Bg4 14. Rc1 Kb8
15. h3 Bh5 16. Qe2 Be7 17. Red1 Nb4 18. d5 exd5 19. Bxb6 Bxf3 20. gxf3 Rde8 21.
Be3 Qg6+ 22. Kf1 Qf5 23. Bxd5 Qxh3+ 24. Ke1 Bg5 25. Rd4 Nxd5 26. Nxd5 f5 27. f4
Bh4 28. Kd2 Rd8 29. Rc7 Rxd5 30. Rxd5 Kxc7 31. Qc4+ Kb8 32. Rd7 Rd8 33. Qc7+
1-0

[Event "Pyramiden Cup 2016"]
[Site "Fuerth"]
[Date "2016.09.02"]
[Round "3.41"]
[White "Hartmann, Thomas"]
[Black "Lehmann, Patricia"]
[Result "1-0"]
[WhiteElo "2022"]
[BlackElo "1720"]
[PlyCount "81"]
[EventDate "2016.??.??"]
[WhiteTeam "SC Weiße Dame Ulm"]
[BlackTeam "SG 1871 Löberitz"]

1. d4 d5 2. c4 c6 3. Nf3 Nf6 4. Qc2 dxc4 5. e4 b5 6. b3 cxb3 7. axb3 e6 8. Bd2
a5 9. Bd3 Bb7 10. O-O h6 11. Nc3 Be7 12. Rad1 Na6 13. Qc1 Nb4 14. Bb1 Rc8 15.
e5 Nfd5 16. Ne4 Qc7 17. Nc5 Ba8 18. Rfe1 Qb6 19. Re4 Na6 20. Nxa6 Qxa6 21. Rg4
Kf8 22. Ne1 c5 23. Qb2 cxd4 24. Qxd4 Bc5 25. Qa1 Qa7 26. Nd3 Bb6 27. b4 a4 28.
Ba2 h5 29. Rh4 Ne7 30. Rf4 Qb7 31. Ne1 Ng6 32. Rf3 Qa7 33. Rc3 Bxf2+ 34. Kf1
Rd8 35. Be3 Rxd1 36. Qxd1 Qb8 37. Bxf2 Nxe5 38. Bc5+ Kg8 39. Bd6 Qd8 40. Qe2
Qxd6 41. Rc8+ 1-0

[Event "Pyramiden Cup 2016"]
[Site "Fuerth"]
[Date "2016.09.02"]
[Round "3.42"]
[White "Cipra, Lothar"]
[Black "Homi, Joseph"]
[Result "1-0"]
[WhiteElo "1965"]
[BlackElo "1787"]
[PlyCount "97"]
[EventDate "2016.??.??"]
[WhiteTeam "SK Schwanstetten"]
[BlackTeam "SG Fürth"]

1. d4 Nf6 2. c4 e6 3. Nc3 Bb4 4. Qc2 c5 5. Nf3 cxd4 6. Nxd4 a6 7. Bd2 Nc6 8. e3
O-O 9. a3 Bc5 10. Nf3 Qc7 11. b4 Be7 12. Bd3 h6 13. Rc1 b6 14. O-O Ne5 15. Nxe5
Qxe5 16. e4 Ng4 17. g3 Qh5 18. h4 g5 19. f3 Ne5 20. Be2 gxh4 21. g4 Qg6 22. Bf4
Bf6 23. Qd2 Kh7 24. Qd6 Nc6 25. Qxf8 Be7 26. Qxh6+ Qxh6 27. Bxh6 Kxh6 28. Rcd1
d6 29. Kg2 Bb7 30. Kh3 Rc8 31. f4 f6 32. Kxh4 e5 33. Kg3 Nd4 34. Bd3 b5 35. Nd5
Bxd5 36. exd5 bxc4 37. Rh1+ Kg7 38. Rh7+ Kg8 39. Rdh1 cxd3 40. Rh8+ Kf7 41.
Rxc8 e4 42. f5 Ne2+ 43. Kf2 Bf8 44. Rc7+ Kg8 45. Rch7 Nc3 46. Ke3 Nxd5+ 47.
Kxe4 d2 48. Rh8+ Kf7 49. Rxf8+ 1-0

[Event "Pyramiden Cup 2016"]
[Site "Fuerth"]
[Date "2016.09.02"]
[Round "3.43"]
[White "Brunsch, Michael"]
[Black "Schulz, Horst"]
[Result "1-0"]
[WhiteElo "1959"]
[BlackElo "1739"]
[PlyCount "59"]
[EventDate "2016.??.??"]
[WhiteTeam "SC Höchstadt/Aisch"]
[BlackTeam "SC Höchstadt/Aisch"]

1. Nf3 d5 2. c4 c6 3. e3 Bg4 4. Qc2 e6 5. b3 Nd7 6. Bb2 Ngf6 7. Be2 Bd6 8. O-O
O-O 9. d3 Rc8 10. Nd4 Bb8 11. Qd1 Qc7 12. f4 Bxe2 13. Qxe2 Rfe8 14. Nf3 e5 15.
fxe5 Nxe5 16. Nxe5 Rxe5 17. g3 Re6 18. Bxf6 gxf6 19. Nd2 Qb6 20. Rf3 Rce8 21.
Re1 a6 22. Kg2 Ba7 23. e4 Qa5 24. Ref1 Bd4 25. Rf5 Qxa2 26. cxd5 cxd5 27. Rxd5
Bc3 28. Rd1 Kf8 29. Qf2 b5 30. Qc5+ 1-0

[Event "Pyramiden Cup 2016"]
[Site "Fuerth"]
[Date "2016.09.02"]
[Round "3.44"]
[White "Kellmann, Andreas"]
[Black "Meyer, Robert"]
[Result "1-0"]
[WhiteElo "1858"]
[BlackElo "1748"]
[PlyCount "71"]
[EventDate "2016.??.??"]
[WhiteTeam "SG Büchenbach/Roth"]
[BlackTeam "SC Stein"]

1. e4 e6 2. d4 d5 3. Nd2 c5 4. Ngf3 Nc6 5. Bb5 a6 6. Bxc6+ bxc6 7. dxc5 Bxc5 8.
O-O Ne7 9. Nb3 Bb6 10. e5 O-O 11. Bg5 h6 12. Bh4 Qc7 13. Nbd4 c5 14. Ne2 Ng6
15. Bg3 Bb7 16. Nf4 d4 17. Nxg6 fxg6 18. Qd3 Bxf3 19. gxf3 g5 20. Qe4 Rab8 21.
f4 gxf4 22. Bxf4 Qb7 23. Qxb7 Rxb7 24. Bg3 Rf3 25. Kg2 Rbf7 26. Rad1 c4 27. Rd2
g5 28. c3 Ba5 29. Rxd4 h5 30. h4 gxh4 31. Bxh4 R3f4 32. Rxf4 Rxf4 33. Bg3 Rf5
34. Rd1 Bc7 35. f4 Kf8 36. Rd4 1-0

[Event "Pyramiden Cup 2016"]
[Site "Fuerth"]
[Date "2016.09.02"]
[Round "3.45"]
[White "Lehmann, Tornalf"]
[Black "Miosga, Stefan"]
[Result "0-1"]
[WhiteElo "1675"]
[BlackElo "1871"]
[PlyCount "96"]
[EventDate "2016.??.??"]
[WhiteTeam "SC Heilsbronn"]
[BlackTeam "SP Plesse Bovenden"]

1. e4 c5 2. d4 cxd4 3. c3 dxc3 4. Nxc3 a6 5. Nf3 e6 6. Bc4 Qc7 7. Qe2 Bb4 8.
Bd2 Ne7 9. O-O O-O 10. Rac1 Nbc6 11. a3 Bd6 12. Rfd1 Ng6 13. g3 Qb8 14. Ba2 b5
15. Be3 Rd8 16. Qd3 Bc7 17. b4 Nce5 18. Nxe5 Nxe5 19. Qe2 Bb7 20. Bd4 Bc6 21.
f4 Ng6 22. Bb1 Bb6 23. Kg2 Bxd4 24. Rxd4 Qb7 25. Kf2 Rac8 26. Rcd1 Qa7 27. Kf1
Ba8 28. R4d3 Qb7 29. Re3 Qc6 30. Qb2 f5 31. Ne2 Ne7 32. Nd4 Qb7 33. Nf3 Qa7 34.
Qe2 fxe4 35. Bxe4 Nd5 36. Bxd5 Bxd5 37. Kf2 Rc3 38. Nd4 Rdc8 39. Rxc3 Rxc3 40.
Qb2 Qc7 41. Rd2 Qc4 42. h3 g6 43. h4 d6 44. Qa1 e5 45. fxe5 dxe5 46. Ne2 Rf3+
47. Ke1 Qe4 48. Qb2 Rb3 0-1